Dimensionamiento en flexo-compresión según recomendaciones del Comité Euro-Internacional del Hormigón

-д хадгалсан:
Номзүйн дэлгэрэнгүй
Үндсэн зохиолчид: Rosenberg V., Luis A (Зохиогч), Espinoza C., Juan C (Зохиогч)
Формат: Ном
Хэл сонгох:испани
Хэвлэсэн: Santiago Universidad de Chile 1977
Цуврал:Publicación SES I 7-77, 134
Нөхцлүүд:
Шошгууд: Шошго нэмэх
Шошго байхгүй, Энэхүү баримтыг шошголох эхний хүн болох!

MARC

LEADER 00000nam a2200000 a 4500
001 UCU5874
003 CL-VaPUC
008 960614e19770000CL |||||||||||||||||spa|d
082 0 4 |a 624.183  |b ROS  |2 21 
100 0 |a Rosenberg V., Luis A  |e author  |9 363929 
700 0 |a Espinoza C., Juan C  |e author  |9 363930 
245 1 0 |a Dimensionamiento en flexo-compresión según recomendaciones del Comité Euro-Internacional del Hormigón 
300 |a 97 p 
942 |c BK 
945 |d 19960614 00:00:00  |a cmena 
260 |a Santiago  |b Universidad de Chile  |c 1977 
650 7 |a HORMIGON ARMADO  |2 CL-VaPUC  |9 363931 
650 0 |a Materiales de construcción  |9 260197 
650 0 |a Propiedades mecánicas   |9 262507 
650 7 |a DISEÑOS INDUSTRIALES DIBUJO TECNICO  |2 CL-VaPUC  |9 363919 
650 0 |a Gráficas  |9 264054 
650 0 |a Ingeniería civil  |9 260076 
650 7 |a ENSAYOS DINAMICOS  |2 CL-VaPUC  |9 361282 
583 |a last modification  |c 19960614 00:00:00  |k Rodrigo Vera 
490 0 |a Publicación SES I 7-77, 134 
999 |c 249031  |d 249029 
952 |0 0  |1 0  |4 0  |6 624_183000000000000_ROS_1977  |7 0  |8 A  |9 266035  |a BIBING  |b BIBING  |d 2019-11-19  |i 1682334  |o 624.183 ROS 1977  |p 1682334  |r 2025-01-20  |w 2019-11-19  |y BK  |k CCL